MUDANÇA DE PISTA - Statistics

Estatísticas Gerais
  • Esse quiz foi jogado 730 vezes
  • A pontuação média é 4 de 9
Estatísticas das Respostas
Hint Resposta % Correto
1 Arremeter no ar, se for o caso
70%
3 Abandonar o tráfego na PT
55%
2 Curvar PT após a anv precedente passar na 3/9 hrs
54%
5 Subir para 3000ft e manter 100kt
54%
9 Se último pouso e vento permitir, pousar final
46%
4 Seguir paralelo ao eixo
43%
8 Acusar para Solar reingresso por Saturno
40%
7 Torre libera Saturno quando a última anv acusar PT
40%
6 Acusar para Solar no través da ponte
39%
Nenhum quiz correspondente encontrado
Distribuição das Pontuações
Porcentagem de Pessoas com Cada Pontuação
Percentil de Números Respondidos
Sua Pontuação Histórica
Você não jogou esse quiz